| 000 | 01180nam a22003257a 4500 | ||
|---|---|---|---|
| 001 | |||
| 003 | DO-SdBNP | ||
| 005 | 20221122104149.0 | ||
| 007 | 00570 | ||
| 008 | 160622b20009 sp 00| 0 spa d | ||
| 020 | _a9590400434 | ||
| 040 |
_aBPMSU _bspa _cBPMSU |
||
| 082 | 4 |
_aB869 _bV617e 1996 _222 |
|
| 100 | 1 |
_aVianna, Lúcia Helena. _d |
|
| 245 | 1 | 0 |
_aEscenas de amor y muerte en la ficción brasileña : _bel juego dramático de la relación hombre-mujer en la literatura / _cNélida Piñon ; traducción Montserrat Mira |
| 250 | _adición Dominica Diez. | ||
| 260 |
_aLa Habana : _bCasa de las Américas, Colcultura, _c1996. |
||
| 300 |
_a199 p. : _c20 cm. |
||
| 490 | 0 | _aEnsayos artístico-literario | |
| 500 | _3 | ||
| 504 | _aIncluye bibliografía | ||
| 586 | _aPremio Casa de las Américas: Ensayo artístico-literario | ||
| 590 | _aInventariado, 2022/VM | ||
| 650 | 4 |
_aAmor en la literatura _vEnsayos, conferencias, etc. _x |
|
| 650 | 4 |
_a Literatura brasileña _xHistoria y crítica _xEnsayos, conferencias, etc. _v |
|
| 700 | 1 |
_a Diez, Dominica _eed. |
|
| 700 | 1 |
_aCalzadilla Núñez, Julia, _d1943- _etr. |
|
| 910 | _aVMateo V./Validado | ||
| 942 |
_2ddc _cBK |
||
| 999 |
_c14340 _d14340 |
||